|
|
|
|
| LEADER |
00717nab a2200193 i 4500 |
| 001 |
acta40706 |
| 005 |
20260224081030.0 |
| 008 |
170713s1995 hu o 000 hun d |
| 022 |
|
|
|a 0237-7934
|
| 040 |
|
|
|a SZTE Egyetemi Kiadványok Repozitórium
|b hun
|
| 041 |
|
|
|a hun
|
| 100 |
1 |
|
|a Grzesik Rysard
|
| 245 |
1 |
0 |
|a Európa keleti fele a középkor alkonyán
|h [elektronikus dokumentum] :
|b Jerzy Kloczowski : Europa slowianska w XIV-XV. wieku /
|c Grzesik Rysard
|
| 260 |
|
|
|c 1995
|
| 300 |
|
|
|a 186-198
|
| 490 |
0 |
|
|a Aetas
|v 10 No. 3
|
| 695 |
|
|
|a Kelet-Európa története - 14-15. sz. - könyvismertetés
|
| 700 |
0 |
1 |
|a Kloczowski Jerzy
|
| 856 |
4 |
0 |
|u http://acta.bibl.u-szeged.hu/40706/1/aetas_1995_003_186-198.pdf
|z Dokumentum-elérés
|